Loading...
| Literature - World | 0 | 5 | 0 | 0 | 50 | 83 | 97.00 | 2 | 3 | 0.00 | 0.00 |
| Fine Arts - Painting and Sculpture | 0 | 5 | 0 | 0 | 50 | 62 | 94.20 | 0 | 3 | 0.00 | 0.00 |
| Literature - British | 0 | 5 | 0 | 0 | 50 | 17 | 65.60 | 2 | 3 | 0.00 | 0.00 |
| Fine Arts - Other | 0 | 5 | 0 | 0 | 50 | 32 | 72.60 | 1 | 5 | 0.00 | 0.00 |
| Fine Arts - Classical Music | 0 | 5 | 1 | 0 | 45 | 63 | 100.20 | 2 | 2 | 0.00 | 0.00 |
| History - American | 0 | 2 | 0 | 0 | 20 | 79 | 88.50 | 0 | 2 | 0.00 | 0.00 |
| History - Other | 0 | 2 | 0 | 0 | 20 | 86 | 91.50 | 0 | 0 | 0.00 | 0.00 |
| History - World | 0 | 2 | 0 | 0 | 20 | 92 | 110.50 | 0 | 0 | 0.00 | 0.00 |
| Literature - American | 0 | 2 | 0 | 0 | 20 | 45 | 50.50 | 2 | 2 | 0.00 | 0.00 |
| Philosophy | 0 | 2 | 0 | 0 | 20 | 72 | 82.00 | 0 | 2 | 0.00 | 0.00 |
| Religion | 0 | 2 | 0 | 0 | 20 | 87 | 92.50 | 1 | 2 | 0.00 | 0.00 |
| Social Science | 0 | 1 | 0 | 0 | 10 | 82 | 82.00 | 0 | 1 | 0.00 | 0.00 |
| Geography | 0 | 1 | 0 | 0 | 10 | 86 | 86.00 | 0 | 1 | 0.00 | 0.00 |
| Literature - European | 0 | 1 | 0 | 0 | 10 | 82 | 82.00 | 0 | 0 | 0.00 | 0.00 |
| Mythology | 0 | 1 | 0 | 0 | 10 | 77 | 77.00 | 1 | 1 | 0.00 | 0.00 |
| Current Events | 0 | 1 | 0 | 0 | 10 | 60 | 60.00 | 0 | 1 | 0.00 | 0.00 |
| Science - Chemistry | 0 | 0 | 0 | 0 | 0 | 0.00 | 0 | 0 | 0.00 | 0.00 | |
| Science - Biology | 0 | 0 | 1 | 0 | -5 | 0.00 | 0 | 0 | 0.00 | 0.00 |